LEADER 02535nas 2200769-a 450 001 996206767203316 005 20240413023614.0 011 $a2365-1210 035 $a(DE-599)ZDB2824192-7 035 $a(CKB)110978984077493 035 $a(CONSER)---98655611- 035 $a(EXLCZ)99110978984077493 100 $a19941220b19942000 --- - 101 0 $aspa 181 $ctxt$2rdacontent 182 $cc$2rdamedia 183 $acr$2rdacarrier 200 10$aNotas $ereseñas iberoamericanas, literatura, sociedad, historia 210 $aFrankfurt $cVervuert Verlagsgesellschaft$d[1994]-2000 215 $a1 online resource 300 $aTitle from cover. 311 08$aPrint version: Notas (Frankfurt am Main, Germany) 0945-8301 (DLC) 98655611 (OCoLC)31723169 531 $aNOTAS RESENAS IBEROAMERICANAS LITERATURA SOCIEDAD HISTORIA 531 0 $aNotas 606 $a18.32 Spanish literature$3(NL-LeOCL)077612124$2bcl 606 $a18.37 Portuguese literature$3(NL-LeOCL)077612167$2bcl 606 $a18.33 Spanish-American literature$3(NL-LeOCL)077612132$2bcl 606 $a18.38 Portuguese-American literature$3(NL-LeOCL)077612175$2bcl 606 $aSozialwissenschaften$2gnd 606 $aRezension$2gnd 606 $aHispanistik$2gnd 606 $aLiteraturwissenschaft$2gnd 606 $aCultuurgeschiedenis$2gtt 606 $aLetterkunde$2gtt 606 $aSpaans$2gtt 606 $aPortugees$2gtt 607 $aSpain$vBook reviews$vPeriodicals 607 $aLatin America$vBook reviews$vPeriodicals 607 $aPortugal$vBook reviews$vPeriodicals 607 $aCaribbean Area$vBook reviews$vPeriodicals 607 $aCaribbean Area$2fast 607 $aLatin America$2fast 607 $aPortugal$2fast 607 $aSpain$2fast 607 $aSpanien$2gnd 608 $aZeitschrift. 608 $aBook reviews.$2fast 608 $aPeriodicals.$2fast 608 $aZeitschrift.$2swd 615 7$a18.32 Spanish literature. 615 7$a18.37 Portuguese literature. 615 7$a18.33 Spanish-American literature. 615 7$a18.38 Portuguese-American literature. 615 7$aSozialwissenschaften 615 7$aRezension 615 7$aHispanistik 615 7$aLiteraturwissenschaft 615 17$aCultuurgeschiedenis. 615 17$aLetterkunde. 615 17$aSpaans. 615 17$aPortugees. 676 $a946 906 $aJOURNAL 912 $a996206767203316 920 $aexl_impl conversion 996 $aNotas$91976444 997 $aUNISA LEADER 03915oas 2201321 a 450 001 9910139887303321 005 20251107213020.0 011 $a1939-165X 035 $a(OCoLC)60629800 035 $a(CONSER) 2007215048 035 $a(CKB)954928555391 035 $a(EXLCZ)99954928555391 100 $a20050614a19779999 sy a 101 0 $aeng 135 $aurun||||||||| 181 $ctxt$2rdacontent 182 $cc$2rdamedia 183 $acr$2rdacarrier 200 00$aVeterinary clinical pathology /$fAmerican Society for Veterinary Clinical Pathology 210 $aSanta Barbara, CA $cVeterinary Practice Pub. Co 210 3 $a[Hoboken, NJ] $cJohn Wiley & Sons Ltd 215 $a1 online resource 300 $aRefereed/Peer-reviewed 300 $aImprint varies: Columbia, MO, 1977-; Santa Barbara, CA, -1997; Baton Rouge, LA : American Society for Veterinary Clinical Pathology, 1998- 311 08$aPrint versions: Veterinary clinical pathology (DLC)sn 81000582 (OCoLC)5118950 0275-6382 606 $aVeterinary pathology$vPeriodicals 606 $aVeterinary medicine$vPeriodicals 606 $aVeterinary pathology 606 $aAnimals$xDiseases 606 $aMedical laboratory technology 606 $aPathology, Veterinary 606 $aAnimal Diseases 606 $aClinical Laboratory Techniques 606 $aPathologie ve?te?rinaire$vPe?riodiques 606 $aMe?decine ve?te?rinaire$vPe?riodiques 606 $aPathologie ve?te?rinaire 606 $aAnimaux$xMaladies 606 $aMe?decine$xLaboratoires$xTechnique 606 $aVeterinary medicine$2fast$3(OCoLC)fst01165977 606 $aMedical laboratory technology$2fast$3(OCoLC)fst01014300 606 $aAnimals$xDiseases$2fast$3(OCoLC)fst00809483 606 $aVeterinary pathology$2fast$3(OCoLC)fst01166054 606 $aPatologia veterinària$2thub 606 $aVeterinària$2thub 608 $aperiodicals.$2aat 608 $aPeriodicals.$2fast 608 $aPeriodicals.$2lcgft 608 $aPe?riodiques.$2rvmgf 608 $aRevistes electròniques.$2thub 615 0$aVeterinary pathology 615 0$aVeterinary medicine 615 0$aVeterinary pathology. 615 0$aAnimals$xDiseases. 615 0$aMedical laboratory technology. 615 2$aPathology, Veterinary. 615 2$aAnimal Diseases. 615 2$aClinical Laboratory Techniques. 615 6$aPathologie ve?te?rinaire 615 6$aMe?decine ve?te?rinaire 615 6$aPathologie ve?te?rinaire. 615 6$aAnimaux$xMaladies. 615 6$aMe?decine$xLaboratoires$xTechnique. 615 7$aVeterinary medicine. 615 7$aMedical laboratory technology. 615 7$aAnimals$xDiseases. 615 7$aVeterinary pathology. 615 7$aPatologia veterinària. 615 7$aVeterinària. 676 $a636 712 02$aAmerican Society for Veterinary Clinical Pathology, 801 0$bOCLCS 801 1$bOCLCS 801 2$bOCLCS 801 2$bNSD 801 2$bOCLCQ 801 2$bDLC 801 2$bOCLCQ 801 2$bOCLCF 801 2$bOCLCQ 801 2$bDLC 801 2$bVT2 801 2$bOCLCQ 801 2$bNLGGC 801 2$bOCLCQ 801 2$bSCB 801 2$bOCLCQ 801 2$bZ5A 801 2$bOCLCO 801 2$bOCLCA 801 2$bNLE 801 2$bBUF 801 2$bREB 801 2$bOCLCO 801 2$bOCLCQ 801 2$bEZC 801 2$bU3W 801 2$bOCLCO 801 2$bUKMGB 801 2$bAUD 801 2$bOCLCQ 801 2$bNJT 801 2$bOCLCO 801 2$bOCL 801 2$bUBY 801 2$bOCLCQ 801 2$bOCLCL 801 2$bQGK 801 2$bOCLCQ 801 2$bSXB 906 $aJOURNAL 912 $a9910139887303321 996 $aVeterinary clinical pathology$9786877 997 $aUNINA